Normal view MARC view
  • Domínguez Prieto, Xosé Manuel,

Entry Nombre Personal

Number of records used in: 2

001 - NUMERO DE CONTROL

  • campo de control: 41938

003 - IDENTIFICADOR DE NUMERO DE CONTROL

  • campo de control: UPN

005 - FECHA Y HORA DE LA ÜLTIMA TRANSACCIÓN

  • campo de control: 20210219194613.0

008 - DATOS DE LONGITUD FIJA

  • campo de control de longitud fija: nabaccnnaabn|||||||||| b |nc|||||d

035 ## - NUMERO DE CONTROL

  • Número de control: UPN11000014045

040 ## - FUENTE DE CATALOGACIÓN

  • Lenguaje de catalogación: SPA
  • Agencia de transcripción: UPN

100 1# - ENCABEZAMIENTO - NOMBRE PERSONAL

  • Nombre personal: Domínguez Prieto, Xosé Manuel,
  • Fechas asociadas con el nombre: 1962-

670 ## - FUENTE EN LA QUE SE LOCALIZARON DATOS

  • Cita de la fuente: T
  • Uniform Resource Identifier: https://latam.casadellibro.com/libros-ebooks/xose-manuel-dominguez-prieto/80062

680 ## - NOTA PUBLICA DE ACCESO PÚBLICO

  • Frase explicativa de la referencia: Dr. en Filosofía por la Universidad Complutense de Madrid, miembro del Instituto Emmanuel Mounier, director de la colección"Persona", de la Fundación Mounier, y profesor de Filosofía en Enseñanza Media

902 ## - CATALOGADOR

  • Catalogador: EMR/071118